| 000 | 00532cam a22001697a 4500 | ||
|---|---|---|---|
| 008 | 180718b1986 xxu||||| |||| 00| 0 eng d | ||
| 082 | _aO1 B469 | ||
| 100 | _aInternational conference on health policy: ethics and human values (1986: New Delhi) | ||
| 245 |
_aProceedings _cedited by P.C. Bhatla |
||
| 260 |
_aNew Delhi _bIMA House _c1986 |
||
| 300 | _av.p. | ||
| 650 | _aMedical care - Social aspects | ||
| 650 | _aMedical ehics - Case studies | ||
| 650 | _aHealth planning | ||
| 650 | _aMedical policy | ||
| 700 | _aBhatla, P.C. | ||
| 999 |
_c490977 _d490977 |
||